Pojetí a úloha indikativního plánování v podmínkách tržní ekonomiky

Salvato in:
Dettagli Bibliografici
Autore principale: Fišer, Drago
Natura: Libro
Lingua:ceco
Pubblicazione: Praha Ústřední ústav národohospodářského výzkumu 1990
Tags: Aggiungi Tag
Nessun Tag, puoi essere il primo ad aggiungerne!!

MARC

LEADER 00000nam a2200000 4500
001 c022255
005 20250526100340.1
041 0 |a cze 
044 |a CZ 
245 1 0 |a Pojetí a úloha indikativního plánování v podmínkách tržní ekonomiky  |c Drago Fišer 
264 1 |a Praha  |b Ústřední ústav národohospodářského výzkumu  |c 1990 
300 |a 87 s. 
100 1 |a Fišer, Drago